Statistics for Name the Fulham squad which won the league in 2022.

Click here to take the quiz!

General Stats

  • This quiz has been taken 8 times
  • The average score is 13 of 21

Answer Stats

HintAnswer% Correct
#9ATTAleksandar Mitrovic
100%
#6MIDHarrison Reed
88%
#8ATTHarry Wilson
88%
#1GKMarek Rodak
88%
#13DEFTim Ream
88%
#33DEFAntonee Robinson
75%
#10MIDTom Cairney
75%
#14ATTBobby Reid
63%
#2DEFKenny Tete
63%
#20DEFNeco Williams
63%
#7ATTNeeskens Kebano
63%
#19ATTRodrigo Muniz
63%
#28MIDFabio Carvalho
50%
#23DEFJoe Bryan
50%
#21GKPaulo Gazzaniga
50%
#16DEFTosin Adarabioyo
50%
#11ATTAnthony Knockaert
38%
#4DEFDenis Odoi
38%
#17ATTIvan Cavaleiro
38%
#25MIDJosh Onomah
38%
#12 MIDNathaniel Chalobah
38%

Score Distribution

Percentile by Number Answered

Percent of People with Each Score

Your Score History

You have not taken this quiz